Statistics for 2023年大洋洲百万人口城市

Click here to take the quiz!

General Stats

  • This quiz has been taken 184 times
  • The average score is 5 of 6

Answers on the Map

Answers color-coded by a green-red scale on the quiz's map according to % correct below.
 

Answer Stats

人口(万)城市% Correct
492.5悉尼
99%
495墨尔本
94%
145奥克兰
83%
222.5珀斯
82%
327.5布里斯班 / 黄金海岸
77%
141阿德莱德
60%

Score Distribution

Percentile by Number Answered

Percent of People with Each Score

Your Score History

You have not taken this quiz